| 000 | 01149nam a2200313 a 4500 | ||
|---|---|---|---|
| 001 | ebr10534251 | ||
| 003 | CaPaEBR | ||
| 006 | m u | ||
| 007 | cr cn||||||||| | ||
| 008 | 090629s2009 nyu s 000 0 eng d | ||
| 010 | _z 2009026125 | ||
| 020 | _z9780815609452 (cloth alk. paper) | ||
| 020 | _z0815609450 (cloth alk. paper) | ||
| 020 | _z9780815651000 (e-book) | ||
| 040 |
_aCaPaEBR _cCaPaEBR |
||
| 035 | _a(OCoLC)785782979 | ||
| 050 | 1 | 4 |
_aPS3610.E568 _bB74 2009eb |
| 082 | 0 | 4 |
_a811/.6 _222 |
| 100 | 1 |
_aJensen, Kim, _d1966- |
|
| 245 | 1 | 0 |
_aBread alone _h[electronic resource] / _cKim Jensen. |
| 250 | _a1st ed. | ||
| 260 |
_aSyracuse, N.Y. : _bSyracuse University Press, _c2009. |
||
| 300 | _axii, 101 p. | ||
| 533 |
_aElectronic reproduction. _bPalo Alto, Calif. : _cebrary, _d2011. _nAvailable via World Wide Web. _nAccess may be limited to ebrary affiliated libraries. |
||
| 650 | 0 |
_aAmerican poetry _y21st century. |
|
| 655 | 7 |
_aElectronic books. _2local |
|
| 710 | 2 | _aebrary, Inc. | |
| 856 | 4 | 0 |
_uhttp://site.ebrary.com/lib/rucke/Doc?id=10534251 _zAn electronic book accessible through the World Wide Web; click to view |
| 999 |
_c148872 _d148872 |
||